Normal view MARC view

Entry Uniform Title

Number of records used in: 2

001 - CONTROL NUMBER

  • control field: 32257

003 - CONTROL NUMBER IDENTIFIER

  • control field: dpl

005 - DATE AND TIME OF LATEST TRANSACTION

  • control field: 20110810111623.0

008 - FIXED-LENGTH DATA ELEMENTS

  • fixed length control field: 110810|||a|||||| | ||| d

040 ## - CATALOGING SOURCE

  • Original cataloging agency: dpl
  • Transcribing agency: dpl

130 ## - HEADING--UNIFORM TITLE

  • Uniform title: राष्ट्रभारती/लोकोदय ग्रन्थमालाःग्रन्तांक 1073; ग्रन्थमाला संपादक रवीन्द्र कालिया

670 ## - SOURCE DATA FOUND

  • Source citation: Work cat.: (dpl)55094: 747 वर्मा, के.एल. मोहन, क्रिकेट /, 2011

670 ## - SOURCE DATA FOUND

  • Source citation: Work cat.: (dpl)55094: 747 वर्मा, के.एल. मोहन, क्रिकेट /, 2011

© Delhi Public Library
Hit Counter
free hit counter